| 000 | 00925nac a22002411u 4500 | ||
|---|---|---|---|
| 008 | 090303s2007 nyu|||||r|||| 001 0 eng d | ||
| 010 | _a2006042861 | ||
| 020 | _a0321313798 | ||
| 020 | _a9780321313799 | ||
| 035 | _a(OCoLC)ocm65978675 | ||
| 082 | 0 | 0 |
_a005.1 _bSOM _222 |
| 100 |
_aSommerville, Ian, _93830 |
||
| 245 | 1 | 0 |
_aSoftware Engineering / _cIan Sommerville. |
| 250 | _a8th ed. | ||
| 260 |
_aHarlow, England ; _aNew York : _bAddison-Wesley, _cc2007. |
||
| 300 |
_axxiii, 840 p. : _bill. ; _c24 cm. |
||
| 440 | 0 |
_aInternational computer science series _93831 |
|
| 504 | _aIncludes bibliographical references and indexes. | ||
| 650 | 0 |
_aSoftware engineering. _93832 |
|
| 655 |
_92190 _aSoftware Engineering 1- year 1. _vtext book _xComputer Science _ySemester 2. 2008/2009 |
||
| 655 |
_92199 _aSoftware Engineering 2- year 2. _vtext book _xComputer Science _ySemester 2. 2008/2009 |
||
| 942 |
_cBB _k005.1 SOM _2ddc |
||
| 999 |
_c2535 _d2535 |
||